1364 1944 1266 1181 1572 1367 1725 1774 1788 1467 1999 1391 1476 1647 1198 1125 1719 1319 1644 1058 1973 1121 1042 1495 1777 1839 1153 1938 1483 1646 1308 1242 1841 1012 1062 1701 1496 1732 1716 1370 1189 1267 1439 1973 1789 1603 1389 1124 1407 1715 1207 1506 1237 1242 1465 1446 1821 1997 1918 1180 1587 1803 1629 1206 1064 1506 1336 1975 1250 1526 1829 1369 1685 1909 1335 1308 1873 1899 1038 1537 1025 1374 1055 1934 1566 1021 1432 1044 1757 1720 1041 1015 1139 1414 1018 1280 1995 1404 1002 BCNSPRNW ULIB Ver.6.0+V

เปลี่ยนเป็นภาษาไทย

Change to English
 แสดงรายละเอียดบรรณานุกรม
  กลับหน้าหลัก

Brief Record : Get Marc (ISO 2709) : E-mail record : QR code < ปิดหน้าต่าง
LEADER : 00000nam 2200000uu 4500
001    13399121665
003     ULIB
008    121129s||||||||th 000 0 tha d
060 04 ^aWC503^bส691ก
245 00 ^aคู่มือการให้การปรึกษาก่อนและหลังการตรวจหาเชื้อเอชไอวีและผู้ป่วยเอดส์ที่ได้รับยาต้านไวรัส/^cจัดทำโดย กระทรวงสาธารณสุข
650  4 ^aกลุ่มอาการภูมิคุ้มกันเสื่อม^xการให้คำปรึกษา
650  4 ^aเอดส์^xการให้คำปรึกษา
650  4 ^aเอดส์^xการตรวจหา^vคู่มือ
700 0  ^aอาคม วัฒนกุล
710 2  ^aสำนักพัฒนาสุขภาพจิต.^bกรมสุขภาพจิต
945    ^p0^l0^i13581
995    ^aกัณชพร
999    ^aกัณชพร
รายการนี้ยังไม่มีแท็ก
คุณยังไม่ได้ล็อกอิน คุณสามารถมีกิจกรรมร่วมกับเว็บไซต์ได้ แต่ต้องล็อกอินก่อน ::
  ล็อกอิน

รายการสื่อสารสนเทศ

ลำดับที่ ประเภท เลขเรียก/บาร์โค้ด สถานที่ สถานะ
1. วิทยาศาสตร์การแพทย์ และสุขภาพ
วิทยาศาสตร์การแพทย์ และสุขภาพ
WC503 ส691ก  
  Barcode: 13581
ห้องสมุดวิทยาเขตสวรรค์ประชารักษ์
►หนังสือทั่วไป
บนชั้น

BibComment


ยังไม่เคยถูกคอมเมนท์

คอมเมนท์ทรัพยากรรายการนี้
  คอมเมนท์: คู่มือการให้การป..


 Copyright 2026. Bcnsprnw @Library